000 00634nam a22002177a 4500
003 OSt
005 20140310182436.0
008 130220t xxu||||| |||| 00| 0 eng d
020 _a9780702029912
050 _aRM 300
_b.W198 2010
100 _aWaller, Derek
_98283
245 _aMedical pharmacology and therapeutics /
_cDerek G. Waller, Andrew G. Renwick and Keith Hillier
250 _a3rd ed.
260 _aEdinburgh :
_bElsevier Saunders,
_cc2010.
300 _a734 p. :
_c27 cm.
_bcol. ill. ;
541 _j1
562 _e1
650 _aPharmacology
_97300
650 _aTherapeutics
_99104
942 _2lcc
_cSSLC
999 _c13450
_d13450